000 00627nam a2200241Ia 4500
003 OSt
005 20220918182051.0
006 a|||||r|||| 00| 0
007 ta
008 220917b |||||||| |||| 00| 0 eng d
024 _a30,427
037 _cTextual
040 _aARTS
_cARTS
_beng
041 _2eng
_aeng
082 _aO111,3M971,1, H8
100 _aFaulkner William
245 0 _aIntruder in the dust
260 _aN York
_bModern Lib
_c1964
300 _a247p.
_ccm.
650 _aENGLISH LITERATURE
942 _hO111,3M971,1, H8
_cTEXL
_2CC
999 _c167753
_d167753